000 01621nam a2200253Ia 4500
999 _c47222
_d47222
001 14082
003 GE_BSU
005 20241018171828.0
008 181216s ||||ge |||||||||||||| ||geo||
020 _a9789941060243
040 _cGE_BSU
080 _a616.831-005-073.756.8
100 _aთოდუა, ფრიდონ
_923455
245 _aექსტრაკრანიული სისხლძარღვების პათოლოგიათა არაინვაზიური სხივური დიაგნოსტიკა :
_b[მონოგრაფია] /
_c ფრიდონ თოდუა, დუდანა გაჩეჩილაძე ; რედ. ალ. ცისკარიძე.
264 _aთბილისი :
_bშპს ფავორიტი სტილში,
_c2014.
300 _a186 გვ. :
_bილ. ;
_c28 სმ.
504 _aბიბლიოგრ. : გვ. 166-185
541 _h49ლ.90თ.
653 _aექსტრაკრანიული სისხლძარღვების პათოლოგიათა არაინვაზიური სხივური დიაგნოსტიკა.
653 _aთავის ტვინის სისხლის მიმოქცევის პათოლოგიის ტომოგრაფიული დიაგნოსტიკა
700 _aგაჩეჩილაძე, დუდანა
_eავტორი
_923456
700 _aცისკარიძე, ალ.
_eრედაქტორი
_923457
942 _cBK
_2udc